[Event "38th Olympiad w"]
[Site "Dresden GER"]
[Date "2008.11.17"]
[Round "5"]
[White "Thorsteinsdottir,G"]
[Black "Shamima,A"]
[Result "1/2-1/2"]
[WhiteElo "2156"]
[BlackElo "2094"]
[EventDate "2008.11.13"]

1. d4 d5 2. c4 c6 3. Nf3 Nf6 4. Nc3 dxc4 5. a4 Bf5 6. e3 e6 7. Bxc4 Bb4 8.
O-O Nbd7 9. Qe2 O-O 10. Rd1 Qa5 11. e4 Bg4 12. Na2 Be7 13. e5 Nd5 14. Bd2
Qb6 15. a5 Qd8 16. Rac1 Rc8 17. a6 b5 18. Bxd5 exd5 19. Nb4 Qb6 20. Qd3 Nb8
21. Ra1 h6 22. Rdc1 Rfe8 23. Ra2 Nd7 24. Ne1 Be6 25. b3 c5 26. dxc5 Nxc5
27. Qf3 Ne4 28. Rxc8 Rxc8 29. Ned3 Nxd2 30. Rxd2 Qd4 31. Nc2 Qc3 32. Qe3
Rc7 33. h3 Qxb3 34. Nd4 Qb1+ 35. Kh2 Bc8 36. Rb2 Qa1 37. Nxb5 Rc4 38. Nd6
Bxd6 39. exd6 Be6 40. Qxa7 Qa4 41. Ne5 Rc1 42. Qe3 Ra1 43. Rb8+ Kh7 44. a7
Qxa7 45. Qxa7 Rxa7 46. Re8 d4 47. Kg3 Bf5 48. Re7 Ra3+ 49. Kf4 d3 50. d7
Ra4+ 51. Kg3 Rd4 52. Nf3 Rd5 53. Re5 Rxd7 54. Rxf5 d2 55. Nxd2 Kg6 56. Ra5
Rxd2 57. h4 Rb2 58. Ra7 h5 59. Ra5 f6 60. Ra4 Rb3+ 61. f3 Rc3 1/2-1/2

[Event "38th Olympiad w"]
[Site "Dresden GER"]
[Date "2008.11.17"]
[Round "5"]
[White "Parveen,S"]
[Black "Thorsteinsdottir,H"]
[Result "1-0"]
[WhiteElo "2079"]
[BlackElo "1915"]
[EventDate "2008.11.13"]

1. Nf3 Nf6 2. g3 c5 3. Bg2 d5 4. d4 cxd4 5. O-O Nc6 6. Nxd4 e5 7. Nxc6 bxc6
8. c4 h6 9. b3 Be6 10. Bb2 Qc7 11. Nd2 Rd8 12. Qc2 Bd6 13. c5 Be7 14. b4
O-O 15. Nb3 Rb8 16. a3 Rb5 17. Rac1 Rfb8 18. Ba1 d4 19. Na5 Nd5 20. Nc4 f6
21. Rfe1 Qc8 22. e3 dxe3 23. Nxe3 a5 24. Nxd5 cxd5 25. Bc3 Bf7 26. Bd2 axb4
27. axb4 Qc6 28. Bf1 R5b7 29. Ra1 Bf8 30. Ra6 Qc7 31. Rea1 d4 32. Bg2 Rxb4
33. Bxb4 Rxb4 34. c6 d3 35. Qxd3 Bc4 36. Bd5+ Bxd5 37. Qxd5+ Kh7 38. Ra8
Bd6 39. Qg8+ Kg6 40. Qe8+ Kg5 41. Qd7 Qb6 42. Qxg7+ Kh5 43. Qf7+ Kg4 44.
Qg6+ Kf3 45. Qd3+ Kg4 46. Rg8+ 1-0

[Event "38th Olympiad w"]
[Site "Dresden GER"]
[Date "2008.11.17"]
[Round "5"]
[White "Kristinardottir,E"]
[Black "Parveen,T"]
[Result "0-1"]
[WhiteElo "1776"]
[BlackElo "2066"]
[EventDate "2008.11.13"]

1. e4 e5 2. Nf3 Nc6 3. Bc4 Bc5 4. c3 Nf6 5. d4 exd4 6. e5 d5 7. Bb5 Ne4 8.
cxd4 Bb4+ 9. Bd2 Nxd2 10. Bxc6+ bxc6 11. Nbxd2 O-O 12. O-O Bd7 13. a3 Be7
14. Rc1 Qb8 15. Qc2 Qb6 16. Nb3 Rfb8 17. Nfd2 a5 18. Rb1 g6 19. Qc3 Bf5 20.
Rbc1 a4 21. Nc5 Qxb2 22. Qe3 Rb5 23. e6 Bxc5 24. exf7+ Kxf7 25. dxc5 Re8
26. Qf4 Kg8 27. Nf3 Qxa3 28. Qxc7 Rc8 29. Qe7 Qb2 30. Ne5 Rb7 31. Qd6 a3
32. g4 Re8 33. Nxc6 Bxg4 34. Qxd5+ Be6 35. Qe4 a2 36. Qa4 Bf7 37. Nd4 Rb4
38. Qc2 Qxd4 39. c6 Qe5 0-1

[Event "38th Olympiad w"]
[Site "Dresden GER"]
[Date "2008.11.22"]
[Round "9"]
[White "Hamid,R"]
[Black "Sukandar,I"]
[Result "0-1"]
[WhiteElo "2132"]
[BlackElo "2303"]
[EventDate "2008.11.13"]

1. e4 c5 2. Nf3 Nc6 3. d4 cxd4 4. Nxd4 g6 5. c4 Nf6 6. Nc3 Nxd4 7. Qxd4 d6
8. Be2 Bg7 9. Be3 O-O 10. Qd2 Be6 11. Rc1 Qa5 12. b3 Rfc8 13. f3 a6 14. O-O
b5 15. Nd5 Qxd2 16. Bxd2 Nxd5 17. cxd5 Bd4+ 18. Kh1 Bd7 19. Rxc8+ Rxc8 20.
Rc1 Rxc1+ 21. Bxc1 a5 22. g4 Kf8 23. Kg2 Ke8 24. Bd2 b4 25. f4 Kd8 26. Kg3
Kc7 27. Kh4 f6 28. Kg3 Kb6 29. h4 Kc5 30. Kf3 Bc8 31. f5 gxf5 32. gxf5 Bd7
33. Bh6 Be8 34. Kg4 a4 35. Bf8 axb3 36. axb3 Be5 37. Bxe7 Kd4 38. Bd8 Kxe4
39. Bb6 h5+ 40. Kh3 Kxf5 41. Be3 Ke4 42. Bb6 Bg6 43. Ba5 Ke3 44. Bc4 Kf3
0-1

[Event "38th Olympiad w"]
[Site "Dresden GER"]
[Date "2008.11.22"]
[Round "9"]
[White "Lindiawati,E"]
[Black "Khan,N"]
[Result "1-0"]
[WhiteElo "2121"]
[BlackElo "1987"]
[EventDate "2008.11.13"]

1. e4 c5 2. Nf3 Nc6 3. d4 cxd4 4. Nxd4 e5 5. Nb5 d6 6. N1c3 a6 7. Na3 b5 8.
Nd5 Nge7 9. Bg5 Bd7 10. c3 h6 11. Bh4 Qb8 12. Nc2 Nxd5 13. Qxd5 Ne7 14.
Bxe7 Bxe7 15. Be2 O-O 16. O-O Be6 17. Qd3 Qb7 18. Ne3 Rfd8 19. Rfd1 Rac8
20. Nd5 Bg5 21. g3 Rc5 22. h4 Bxd5 23. exd5 Bf6 24. h5 b4 25. c4 a5 26. Qe4
a4 27. b3 a3 28. Bd3 Rcc8 29. Rac1 Kf8 30. Rc2 Ke7 31. Kg2 Qd7 32. Be2 Qa7
33. Bg4 Rc7 34. f4 Kf8 35. Re2 Kg8 36. fxe5 Bxe5 37. Qf5 Re7 38. Bf3 Qd7
39. Qxd7 Rdxd7 40. Bg4 Rc7 41. Rde1 Kf8 42. Bf5 Re8 43. Kf3 Ke7 44. Bd3 Kf6
45. g4 g6 46. Rh1 Kg5 47. Bc2 Rce7 48. Rhe1 Rh8 49. c5 Rc8 50. c6 Rec7 51.
Bd3 Ra8 52. Re4 Bc3 53. R1e2 Raa7 54. hxg6 fxg6 55. Re6 Rf7+ 56. Kg3 Rf6
57. Re7 Ra5 58. Bc4 Rc5 59. c7 Be5+ 60. R2xe5+ dxe5 61. Rxe5+ Rf5 62. gxf5
Rxc7 63. fxg6+ Kxg6 64. Re6+ Kf5 65. Rxh6 Ke5 66. Rb6 Rg7+ 67. Kf2 Rf7+ 68.
Ke3 Rh7 69. Re6+ 1-0

[Event "38th Olympiad w"]
[Site "Dresden GER"]
[Date "2008.11.22"]
[Round "9"]
[White "Kadek,I"]
[Black "Parveen,T"]
[Result "1/2-1/2"]
[WhiteElo "1859"]
[BlackElo "2066"]
[EventDate "2008.11.13"]

1. e4 e5 2. Nf3 Nc6 3. Nc3 Nf6 4. d4 exd4 5. Nxd4 Bb4 6. Nxc6 bxc6 7. Bd3
d6 8. O-O O-O 9. Bg5 h6 10. Bh4 a5 11. Qf3 g5 12. Bg3 Bg4 13. Qe3 Bc5 14.
Qd2 Nh5 15. Kh1 Qe7 16. Ne2 Nxg3+ 17. Nxg3 Bd4 18. c3 Be5 19. Rae1 Rab8 20.
Ne2 Qe6 21. Bb1 Rb6 22. f3 Bh5 23. Nd4 Qf6 24. Rd1 Rfb8 25. b3 Bg6 26. Bc2
Qf4 27. Qxf4 Bxf4 28. Nf5 Bxf5 29. exf5 Re8 30. Rfe1 Rbb8 31. c4 Kg7 32. g3
Be5 33. Kg2 Bc3 34. Re4 Rxe4 35. fxe4 1/2-1/2